| 000 | 00520nam a22001457a 4500 | ||
|---|---|---|---|
| 008 | 230616b |||||||| |||| 00| 0 eng d | ||
| 040 |
_aNational Science Library _cNational Science Library |
||
| 080 |
_a621.7:519(082.2) _bM1 |
||
| 245 |
_aProcess modeling tools _c/ Proceedings of American society for metals process modeling sessions materials & processes congress 1980 |
||
| 260 |
_aOhio: _bAmerican Society for Metals, _c1981 |
||
| 300 | _a216p. | ||
| 650 | _aMetals | ||
| 653 | _aDevelopment | ||
| 942 |
_2udc _cPR |
||
| 999 |
_c44147 _d44147 |
||